00824 2200217 4500001002100000005001500021035002000036245019000056100001800246250001900264300005900283856002200342700008100364260004400445082001100489084001700500020001800517600002000535008004100555990001000596INLIS00000000114831220260603022448 a0010-04260001571 aKOMUNIKASI LINTAS BUDAYA :bPemikiran Perjalanan Dan Khayalan /cPenulis ; Prof. Deddy Mulyana, M.A., Ph.D., Proofreader Nur Asri, Desainer sampul ; Guyung Slamet, Layout ; Beni Subarna0 aDeddy Mulyana aCetakan ketiga axvi + 556 Halaman :bIlustrasi ;c15,5 x 24 cmeKertas aPerpustakaan Umum0 aProofreader Nur Asri, Desainer sampul ; Guyung Slamet, Layout ; Beni Subarna aBandung :bPT. Remaja Rosdakarya,c2015 a923.01 a923.01 DED k a9789796926145 4aIlmu Komunikasi260603 0  a//002